Top 5 cities by Population - South America #1 - Statistics

General Stats
  • This quiz has been taken 16 times
  • The average score is 8 of 15
Answer Stats
Hint Answer % Correct
Venezuela Caracas
100%
Venezuela Valencia
100%
Guyana Georgetown
88%
Venezuela Maracaibo
88%
Suriname Paramaribo
88%
Venezuela Maracay
75%
Venezuela Barquisimeto
50%
Guyana New Amsterdam
50%
Suriname Nieuw Nickerie
38%
Guyana Anna Regina
25%
Guyana Bartica
25%
Suriname Lelydorp
25%
Guyana Linden
25%
Suriname Moengo
25%
Suriname Brokopondo
13%
No matching quizzes found
Score Distribution
Percent of People with Each Score
Percentile by Number Answered
Your Score History
You have not taken this quiz